Statystyki dla Wszyscy strzlecy bramek w Ekstraklasie w sezonie 2020/21:

Kliknij tutaj aby rozwiązać quiz!

Ogólne statystyki

  • Ten quiz został rozwiązany 17 razy
    (12 od ostatniego zresetowania)
  • Średni wynik to 59 z 209

Statystyki odpowiedzi

HintOdpowiedź% Poprawnych
GÓRBartosz Nowak
71%
LGDFlavio Paixao
71%
RCZIvi Lopez
71%
JAGJesus Imaz
71%
LEGMateusz Wieteska
71%
LPOMikael Ishak
71%
POGSebastian Kowalczyk
71%
LEGTomas Pekhart
71%
PODTomasz Nowak
71%
GÓRAlasana Manneh
57%
LPODani Ramirez
57%
LEGFilip Mladenović
57%
PIAJakub Czerwiński
57%
LPOJakub Kamiński
57%
LGDŁukasz Zwoliński
57%
LGDMaciej Gajos
57%
POGMichał Kucharczyk
57%
LEGBartosz Kapustka
43%
LPOBartosz Salamon
43%
LEGBartosz Slisz
43%
CRACornel Rapa
43%
ZAGDamjan Bohar
43%
ŚLĄErik Exposito
43%
ŚLĄFabian Piasecki
43%
WISFelicio Brown Forbes
43%
ZAGFilip Starzyński
43%
STMGrzegorz Tomasiewicz
43%
WISJakub Błaszczykowski
43%
LPOJakub Moder
43%
LGDJarosław Kubicki
43%
GÓRJesus Jimenez
43%
LEGJosip Juranović
43%
POGKacper Kozłowski
43%
LEGKacper Skibicki
43%
WARŁukasz Trałka
43%
POGLuka Zahović
43%
LEGLuquinhas
43%
STMMateusz Mak
43%
PIAMichal Żyro
43%
RCZPatryk Kun
43%
PIAPatryk Sokołowski
43%
CRAPelle van Amersfoort
43%
ŚLĄPiotr Celeban
43%
WISPiotr Starzyński
43%
CRARivaldinho
43%
ŚLĄRobert Pich
43%
ZAGSasa Balić
43%
JAGTaras Romanczuk
43%
WISYaw Yeboah
43%
RCZZoran Arsenić
43%
POGAdam Frączczak
29%
WISAdi Mehremić
29%
POGAlexander Gorgon
29%
GÓRAlex Sobczyk
29%
STMAndreja Prokić
29%
RCZAndrzej Niewulis
29%
JAGBartłomiej Wdowik
29%
JAGBartosz Bida
29%
WARBartosz Kieliba
29%
JAGBogdan Tiru
29%
WISChuca
29%
LGDConrado
29%
ZAGDamian Oko
29%
RCZDavid Tijanić
29%
WPŁDawid Kocyła
29%
CRADawid Szymonowicz
29%
ZAGEvgeniy Bashkirov
29%
JAGFedor Cernych
29%
LPOFilip Marchwiński
29%
CRAFilip Piszczek
29%
CRAFlorian Loshaj
29%
ŚLĄIsrael Puerto
29%
JAGJakov Puljić
29%
RCZJakub Arak
29%
POGJakub Bartkowski
29%
WPŁJakub Rzeźniczak
29%
PIAJakub Świerczok
29%
WISJean Carlos
29%
STMJonathan De Amo
29%
ZAGKacper Chodyna
29%
LEGKacper Kostorz
29%
PODKamil Biliński
29%
POGKamil Drygas
29%
ZAGKarol Podliński
29%
PIAKristopher Vida
29%
STMKrystian Getinger
29%
ŚLĄKrzysztof Mączyński
29%
ZAGLubomir Guldan
29%
WPŁLuka Susnjara
29%
STMŁukasz Zjawiński
29%
STMMaciej Domański
29%
STMMaciej Jankowski
29%
WISMaciej Sadlok
29%
WARMaik Nawrocki
29%
WARMakana Baku
29%
RCZMarcin Cebula
29%
CRAMarcos Alvarez
29%
LGDMario Maloca
29%
PODMarko Roginić
29%
JAGMartin Pospisil
29%
WARMateusz Kuzimski
29%
WPŁMateusz Lewandowski
29%
ŚLĄMateusz Praszelik
29%
ŚLĄMatthieu Scalet
29%
PIAMichał Chrapek
29%
LGDMichał Nalepa
29%
PODMichał Rzuchowski
29%
CRAMichal Siplak
29%
LPOMichał Skóraś
29%
LGDOmran Haydary
29%
PIAPatryk Lipski
29%
ZAGPatryk Szysz
29%
GÓRPaweł Bochniewicz
29%
LEGPaweł Wszołek
29%
LPOPedro Tiba
29%
RCZPetr Schwarz
29%
STMPetteri Forsell
29%
GÓRPiotr Krawczyk
29%
GÓRPrzemysław Wiśniewski
29%
LEGRafael Lopes
29%
PODRafał Janicki
29%
LGDRafał Pietrzak
29%
WPŁRafał Wolski
29%
WARRobert Janicki
29%
WISStefan Savić
29%
LPOThomas Rogne
29%
RCZTomas Petrasek
29%
JAGTomas Prikryl
29%
LPOTymoteusz Puchacz
29%
RCZVladislavs Gutkovskis
29%
ŚLĄWaldemar Sobota
29%
POGAdrian Benedyczak
14%
WPŁAlan Uryga
14%
PODAleksander Komor
14%
STMAleksandyr Kolev
14%
WARAleks Ławniczak
14%
LPOAron Johannsson
14%
ŚLĄBartłomiej Pawłowski
14%
LGDBartosz Kopacz
14%
JAGBojan Nastić
14%
WPŁDamian Michalski
14%
WPŁDamian Rasak
14%
GÓRDaniel Ściślak
14%
RCZDaniel Szelągowski
14%
CRADavid Jablonsky
14%
PODDawid Niepsuj
14%
ZAGDejan Drazić
14%
PODDesley Ubbink
14%
ŚLĄDino Stiglec
14%
PIADominik Steczyk
14%
WPŁDusan Lagator
14%
WPŁFilip Lesniak
14%
RCZFran Tudor
14%
CRAIvan Fiolić
14%
PODJakub Hora
14%
WARJakub Kiełb
14%
WARJakub Kuzdra
14%
WARJan Grzesik
14%
LGDJaroslav Mihalik
14%
LGDJoseph Ceesay
14%
POGKacper Smoliński
14%
ZAGKamil Kruk
14%
RCZKamil Piątkowski
14%
PODKarol Danielak
14%
LGDKarol Fila
14%
WISKonrad Gruszkowski
14%
ŚLĄKonrad Poprawa
14%
POGKostas Triantafyllopulos
14%
ZAGLorenco Simić
14%
WISŁukasz Burliga
14%
JAGMaciej Makuszewski
14%
POGMaciej Żurawski
14%
PODMaksymilian Sitek
14%
ŚLĄMarcel Zylla
14%
STMMarcin Flis
14%
WARMario Rodriguez
14%
WARMariusz Rybicki
14%
WARMateusz Kupczak
14%
PODMateusz Marzec
14%
STMMateusz Matras
14%
WPŁMateusz Szwoch
14%
WISMichal Frydrych
14%
WARMichał Jakóbowski
14%
GÓRMichał Koj
14%
PODMilan Rundić
14%
LPOMohammad Awwad
14%
LPONika Kacharava
14%
RCZOskar Zawada
14%
ŚLĄPatryk Janasik
14%
WISPatryk Plewka
14%
WPŁPatryk Tuszyński
14%
STMPaweł Tomczyk
14%
PIAPiotr Malarczyk
14%
JAGPrzemysław Mystkowski
14%
WISRafał Boguski
14%
POGRafał Kurzawa
14%
ZAGRok Sirk
14%
ZAGSamuel Mraz
14%
PIASebastian Milewski
14%
CRASergiu Hanca
14%
CRAThiago
14%
PIATiago Alves
14%
POGTomas Podstawski
14%
CRATomas Vestenicky
14%
LGDTomasz Makowski
14%
WPŁTorgil Gjertsen
14%
WISUros Radaković
14%
ŚLĄWojciech Golla
14%
LGDZarko Udovicić
14%

Rozkład punktacji

Percentyl według liczby udzielonych odpowiedzi

Procent ludzi z każdym wynikiem

Twoja historia wyników

Nie rozwiązałeś tego quizu od ostatniego zresetowania